[Event "CRO-chT"]
[Site "Porec"]
[Date "1998.09.09"]
[Round "4"]
[White "Medvegy, Nora"]
[Black "Skripchenko, Almira"]
[Result "1/2-1/2"]
[WhiteElo "2325"]
[BlackElo "2420"]

1.e4 c5 2.Nf3 Nc6 3.d4 cxd4 4.Nxd4 e6 5.Nb5 d6 6.c4 Nf6 7.N1c3 a6 8.Na3 Be7
9.Be2 O-O 10.O-O b6 11.Be3 Bb7 12.f3 Nd7 13.Qd2 Rc8 14.Rac1 Nc5 15.Rfd1 Qc7
16.Bf1 Qb8 17.Kh1 Ba8 18.Nc2 Ne5 19.Bg1 Kh8 20.b3 f5 21.exf5 Rxf5 22.Nd4 Rf6
23.Be3 h6 24.Nce2 Rcf8 25.Nf4 Qe8 26.b4 g5 27.Nh3 Ncd7 28.Nf2 Qh5 29.Qe2 Qf7
30.Kg1 Rg6 31.Qc2 g4 32.Nxg4 Nxg4 33.fxg4 Rxg4 34.Rd2 Rfg8 35.Rf2 Bf6 36.Qd2 Ne5
37.c5 bxc5 38.bxc5 dxc5 39.Rxc5 Bd5 40.Kh1 Qg6 41.Rc7 Rh4 42.Rf4 Rh3 43.Nxe6 Qg3
44.Bg1 Nf3 45.Rxf3 Bxf3 46.Qc2 Bxg2+ 47.Qxg2 Qxg2+ 48.Bxg2 Rh4 49.Rf7  1/2-1/2

[Event "Elista ol (Men)"]
[Site "Elista"]
[Date "1998.09.29"]
[Round "1"]
[White "Al Subaihi, Khlil"]
[Black "Borges Mateos, Juan"]
[Result "0-1"]
[WhiteElo "2240"]
[BlackElo "2470"]

1.e4 c5 2.Nf3 e6 3.d4 cxd4 4.Nxd4 Nc6 5.Nb5 d6 6.Bf4 e5 7.Be3 Nf6 8.N1c3 a6
9.Na3 Be6 10.Be2 Rc8 11.O-O Be7 12.Nc4 Nd4 13.Bxd4 Bxc4 14.Be3 h6 15.Kh1 O-O
16.f4 b5 17.a3 Bxe2 18.Qxe2 Rc4 19.Rad1 Nxe4 20.fxe5 Nxc3 21.bxc3 Re4 22.exd6 Bxd6
23.Qd3 Re6 24.Bc5 Be7 25.Qg3 Qc8 26.Bb4 Re8 27.Rf3 Bf6 28.Rdf1 Qc6 29.h3 Kh7
30.Qg4 Qc7 31.Qf5+ Kg8 32.Qg4 Re4 33.Qg3 Qxg3 34.Rxg3 Re1 35.Kg1 Rxf1+ 36.Kxf1 Bh4  0-1

[Event "Elista ol (Men)"]
[Site "Elista"]
[Date "1998.10.02"]
[Round "4"]
[White "Guillen R, Jose"]
[Black "Al Modiahki, Mohamad"]
[Result "0-1"]
[WhiteElo "2220"]
[BlackElo "2505"]

1.e4 c5 2.Nf3 e6 3.d4 cxd4 4.Nxd4 Nc6 5.Nb5 d6 6.c4 Nf6 7.N1c3 a6 8.Na3 b6
9.Be2 Bb7 10.O-O Nb8 11.Bf3 Nbd7 12.Qa4 Qc7 13.Bf4 Be7 14.Rac1 O-O 15.Rfd1 Ne5
16.Bxe5 dxe5 17.Rd3 Rac8 18.b4 Rfd8 19.Rcd1 Rxd3 20.Rxd3 Rd8 21.Rxd8+ Qxd8
22.Nab1 Qd4 23.Qb3 Nxe4 24.Nxe4 Bxe4 25.Bxe4 Qxe4 26.Kf1 Qd4 27.a3 g6 28.g3 e4
29.Ke2 Qe5 30.h4 Qh5+ 31.Ke1 Qe5 32.Nd2 f5 33.Qe3 Qd6 34.Nb3 Qc6 35.c5 bxc5
36.Nxc5 a5 37.Qc3 Qd5 38.Ke2 e5  0-1

[Event "Elista ol (Men)"]
[Site "Elista"]
[Date "1998.10.06"]
[Round "8"]
[White "Varga, Zoltan"]
[Black "Borges Mateos, Juan"]
[Result "1/2-1/2"]
[WhiteElo "2565"]
[BlackElo "2470"]

1.e4 c5 2.Nf3 e6 3.d4 cxd4 4.Nxd4 Nc6 5.Nb5 d6 6.Bf4 e5 7.Be3 Nf6 8.Bg5 Be6
9.Nd2 Be7 10.Bxf6 Bxf6 11.Nc4 O-O 12.Qxd6 Qc8 13.c3 Be7 14.Qd2 Rd8 15.Qc1 Bxc4
16.Bxc4 a6 17.Na3 Qg4 18.O-O Bxa3 19.bxa3 Qxe4 20.Bb3 Rd7 21.Re1 Qf5 22.Qe3 Rad8
23.h3 g6 24.Qb6 Rd2 25.Rf1 R8d7 26.Rae1 Kg7 27.Qc5 Qd3 28.a4 Qd6 29.Qb6 Rd3
30.Rd1 Nd4 31.Qxd6 Ne2+ 32.Kh2 R3xd6 33.Rxd6 Rxd6 34.Re1 Rd2 35.Bc4 Nxc3
36.Rxe5 Rxf2 37.Re7 b5 38.axb5 axb5 39.Bb3 h5 40.Kg1 Rf5 41.h4 Kf8 42.Re3 Rc5
43.Kf2 b4 44.Rf3 f5 45.Ke3 Ke7 46.Kd4 Kd6 47.Bf7 Nb5+ 48.Kd3 Rc3+ 49.Kd2 Rc7
50.Bxg6 Nd4 51.Rf1 Rg7 52.Bxh5 Rxg2+ 53.Kd3 Nc6 54.Rxf5 Rxa2 55.Bf3 Ne5+
56.Ke4 Nxf3 57.Kxf3  1/2-1/2

[Event "Elista ol (Men)"]
[Site "Elista"]
[Date "1998.10.10"]
[Round "11"]
[White "Kosashvili, Yona"]
[Black "Sommerbauer, Norbert"]
[Result "1/2-1/2"]
[WhiteElo "2580"]
[BlackElo "2400"]

1.e4 c5 2.Nf3 e6 3.d4 cxd4 4.Nxd4 Nc6 5.Nb5 d6 6.c4 Nf6 7.N1c3 a6 8.Na3 b6
9.Be2 Bb7 10.O-O Nb8 11.f3 Nbd7 12.Be3 Be7 13.Qd2 O-O 14.Rfd1 Rc8 15.Rac1 Qc7
16.Kh1 Qb8 17.Bf1 Rfe8 18.Nab1 Bd8 19.Bf4 Ne5 20.Na3 Bc7 21.Bg3 Nh5 22.Bf2 Nf6
23.Bh4 Nfd7 24.Bg3 Nf6 25.Nc2 Kh8 26.Nd4 Ng6 27.Nde2 Red8 28.Qe3 Re8 29.Qg1 Ne5
30.b3 g5 31.Bf2 Ba8 32.Bd4 Rg8 33.Qf2 Rg7 34.Na4 Nfd7 35.Ng3 Rg6 36.Be2 Rcg8
37.Rf1 Bd8 38.Rcd1 h6 39.Nh5 Bc6 40.Nc3 Kh7 41.Rd2 Nf6 42.Nxf6+ Rxf6 43.Rfd1 Rfg6
44.b4 Ba8 45.Na4 b5 46.Ba7 Qb7 47.cxb5 axb5 48.Nc3 Nc4 49.Bxc4 bxc4 50.Rxd6 Qxb4
51.Rxd8 Qxc3 52.R8d7 Qf6 53.Qc5 R6g7 54.Qd6 g4 55.Bd4 Qg6 56.Qg3 f6 57.Bc3 e5
58.R7d6 gxf3 59.Qxg6+ Rxg6 60.gxf3 f5 61.Rd7+ R6g7 62.Bxe5 Rxd7 63.Rxd7+ Kg6
64.Rd6+ Kh5 65.Bf4 Rg6 66.Rd8 Bc6 67.Rf8 fxe4 68.Rf5+ Kh4 69.Bg3+ Rxg3 70.hxg3+ Kxg3
71.Rf6 exf3  1/2-1/2

[Event "Andres Clemente Vazquez mem"]
[Site "Guiines"]
[Date "1998.10.14"]
[Round "2"]
[White "Vega, Lemay"]
[Black "Munoz, Hugo"]
[Result "1/2-1/2"]
[WhiteElo "2260"]
[BlackElo "2290"]

1.e4 c5 2.Nf3 e6 3.d4 cxd4 4.Nxd4 Nc6 5.Nb5 d6 6.c4 Nf6 7.N1c3 a6 8.Na3 Be7
9.Nc2 Qc7 10.Be2 O-O  1/2-1/2

[Event "NRW Sportland Cup Masters"]
[Site "Senden"]
[Date "1998.10.14"]
[Round "7"]
[White "Gipslis, Aivars"]
[Black "Handke, Florian"]
[Result "1-0"]
[WhiteElo "2450"]
[BlackElo "2310"]

1.e4 c5 2.Nf3 e6 3.d4 cxd4 4.Nxd4 Nc6 5.Nb5 d6 6.c4 Nf6 7.N5c3 a6 8.Be2 Be7
9.O-O Qc7 10.Bf4 O-O 11.Nd2 b6 12.Rc1 Ne5 13.b4 Bb7 14.a3 Rac8 15.Bg3 Qb8
16.f4 Ng6 17.Bd3 Nd7 18.Qe2 Bf6 19.Rc2 e5 20.f5 Nf4 21.Qf3 b5 22.cxb5 axb5
23.Bxb5 Nb6 24.Bf2 Ba8 25.Rfc1 d5 26.Bf1 g6 27.g3 gxf5 28.gxf4 fxe4 29.Ncxe4 dxe4
30.Nxe4 Bg7 31.f5 Nd7 32.f6 Nxf6 33.Nxf6+ Bxf6 34.Qg4+ Bg7 35.Rxc8  1-0

[Event "Andres Clemente Vazquez mem"]
[Site "Guiines"]
[Date "1998.10.16"]
[Round "4"]
[White "Abreu, Arian"]
[Black "Munoz, Hugo"]
[Result "1-0"]
[WhiteElo "2420"]
[BlackElo "2290"]

1.e4 c5 2.Nf3 e6 3.d4 cxd4 4.Nxd4 Nc6 5.Nb5 Bc5 6.Nd6+ Ke7 7.Nc4 d5 8.exd5 exd5
9.Ne3 Nf6 10.Bd3 Re8 11.O-O Kf8 12.Nd2 Ne5 13.Nb3 Bb6 14.Be2 d4 15.Nc4 Nxc4
16.Bxc4 Qc7 17.Bb5 Bg4 18.Qd2 Re5 19.Bd3 Nd5 20.h3 Rh5 21.Be2 Bxe2 22.Qxe2 g6
23.Qd2 Qc4 24.Rd1 Nb4 25.c3 dxc3 26.bxc3 Rd8 27.Qxd8+ Bxd8 28.Rxd8+ Ke7 29.Rd4 Qxc3
30.Bd2 Qc2 31.Bxb4+ Kf6 32.Rd2 Qc4 33.Rd4 Qc2 34.Rc1 Qxa2 35.Bc3 Kg5 36.Bd2+ Kf6
37.Bc3 Kg5 38.Nd2 Kh6 39.Ne4 Rf5 40.Bd2+ Kg7 41.Bc3 Kh6 42.g4 Rf3 43.Kg2 Rxc3
44.Rxc3 Qb2 45.g5+ Kg7 46.Rd8 h6 47.h4  1-0

[Event "SWE-chT 9899"]
[Site "Sweden"]
[Date "1998.10.16"]
[Round "1"]
[White "Jonsson, Hans"]
[Black "Sanden, Stefan"]
[Result "1-0"]
[WhiteElo "2395"]
[BlackElo "2315"]

1.e4 c5 2.Nf3 e6 3.d4 cxd4 4.Nxd4 Nc6 5.Nb5 d6 6.Bf4 e5 7.Be3 Nf6 8.Bg5 Qa5+
9.Qd2 Nxe4 10.Qxa5 Nxa5 11.Be3 Kd7 12.N1c3 Nxc3 13.Nxc3 b6 14.f4 Bb7 15.O-O-O e4
16.f5 g6 17.Bb5+ Bc6 18.Bxc6+ Kxc6 19.Nxe4 gxf5 20.Ng3 Nc4 21.Bf4 Rg8 22.Kb1 Rg4
23.Rhf1 Re8 24.b3 Na3+ 25.Kb2 d5 26.Nxf5 Nb5 27.a4 Ba3+ 28.Ka1 Nc3 29.Rd3 Ne2
30.Bg3 Nxg3 31.Nxg3 Re7 32.Rf6+ Kb7 33.Rxd5 Bc5 34.Rf1 Rd4 35.Rxc5 bxc5 36.Nf5 Red7
37.Nxd4 cxd4 38.Kb2 Re7 39.Kc1 Kc6 40.Kd2 Kd5  1-0

[Event "SWE-chT 9899"]
[Site "Sweden"]
[Date "1998.10.17"]
[Round "2"]
[White "Jonsson, Mikael"]
[Black "Nyander, Joakim"]
[Result "1-0"]
[WhiteElo "2290"]
[BlackElo "2195"]

1.e4 e6 2.d4 c5 3.Nf3 cxd4 4.Nxd4 Nc6 5.Nb5 Bc5 6.Bf4 Qf6 7.Bg3 h5 8.h4 Kf8
9.N1c3 a6 10.Nd6 Qd4 11.Qxd4 Bxd4 12.O-O-O Bxc3 13.bxc3 Ke7 14.Be2 Nf6 15.Kd2 Ne8
16.Ke3 e5 17.Nxe8 Rxe8 18.Bxh5 d6 19.Rb1 Na5 20.Be2 Be6 21.f3 Rac8 22.Be1 Rc5
23.a4 Rec8 24.h5 R8c7 25.g4 Nc4+ 26.Kf2 Na3 27.Rb2 Ra5 28.g5 Kf8 29.h6 Kg8
30.Rb6 Rd7 31.c4 Rxa4 32.Bb4 gxh6 33.gxh6 Kh7 34.Bxd6 Nxc4 35.Bxc4 Rxc4 36.Bxe5 Rxc2+
37.Kg3 Rc6 38.Rxc6 bxc6 39.Kf4 a5 40.Kg5 Rd3 41.f4 Rg3+ 42.Kf6 Rg6+ 43.Ke7 Rxh6
44.Rb1 Ba2 45.Rb2 Bc4 46.f5 Rh4 47.Rb8 f6 48.Rh8+ Kxh8 49.Bxf6+ Kg8 50.Bxh4 a4
51.e5 a3 52.Be1 a2 53.Bc3 c5 54.e6 Bb3 55.f6  1-0

[Event "Najdorf op"]
[Site "Buenos Aires"]
[Date "1998.10.25"]
[Round "2"]
[White "Tsuboi, Edson Kenji"]
[Black "Tregubov, Pavel V"]
[Result "0-1"]
[WhiteElo "2300"]
[BlackElo "2535"]

1.e4 c5 2.Nf3 e6 3.d4 cxd4 4.Nxd4 Nc6 5.Nb5 d6 6.Bf4 e5 7.Be3 a6 8.N5c3 Nf6
9.Bg5 Be7 10.Nd2 O-O 11.Nc4 Nxe4 12.Bxe7 Nxe7 13.Nxe4 d5 14.Nxe5 Nf5 15.Be2 dxe4
16.Qxd8 Rxd8 17.Bc4 Be6 18.Bxe6 fxe6 19.c3 Rd5 20.Nc4 Rad8 21.g4 Nh4 22.O-O Nf3+
23.Kg2 Nd2 24.Nxd2 Rxd2 25.Rae1 Rxb2 26.Rxe4 Rxa2 27.Rxe6 Rf8 28.Re7 b5 29.Rc7 h6
30.Kg3 Rc2 31.f3 b4 32.Ra7 b3 33.Rxa6 Rb8 34.Rb1 b2 35.Ra2 g5 36.h4 Kf7 37.hxg5 hxg5
38.f4 Rxc3+ 39.Kf2 Rc2+ 40.Ke3 Rb3+ 41.Kd4 gxf4  0-1

[Event "Najdorf op"]
[Site "Buenos Aires"]
[Date "1998.10.26"]
[Round "3"]
[White "Bertona, Fernando"]
[Black "Poluljahov, Aleksandr"]
[Result "1/2-1/2"]
[WhiteElo "2405"]
[BlackElo "2530"]

1.e4 c5 2.Nf3 e6 3.d4 cxd4 4.Nxd4 Nc6 5.Nb5 d6 6.Bf4 e5 7.Be3 a6 8.N5c3 Nf6
9.Bc4 Be7 10.Nd5 Nxd5 11.Bxd5 O-O 12.O-O Be6 13.Na3 Rc8 14.c3 b5 15.Nc2 Na5
16.Nb4 Nc4 17.Bc1 a5 18.Nc6 Qd7 19.Nxe7+ Qxe7 20.a4 Bxd5 21.exd5 bxa4 22.Rxa4 Rc5
23.Ra1 a4 24.Rxa4 Nb6 25.Ra6 Nxd5 26.Qd3 Rfc8 27.Bd2 Qe6 28.Be3  1/2-1/2

[Event "Chigorin mem"]
[Site "St. Petersburg"]
[Date "1998.10.31"]
[Round "1"]
[White "Evelev, Vladimir M"]
[Black "Rychagov, Andrei"]
[Result "0-1"]
[WhiteElo "2280"]
[BlackElo "2485"]

1.e4 c5 2.Nf3 e6 3.d4 cxd4 4.Nxd4 Nc6 5.Nb5 d6 6.Bf4 e5 7.Be3 Nf6 8.Bg5 a6
9.N5c3 Be7 10.Nd2 Be6 11.Bxf6 Bxf6 12.Nc4 Nd4 13.Nd5 Bxd5 14.exd5 O-O 15.c3 Nf5
16.a4 e4 17.a5 e3 18.f3 Re8 19.Qd3 Nh4 20.Ke2 Rc8 21.g3 Ng6 22.Bh3 Rc7 23.f4 Nf8
24.Rhf1 Nd7 25.b4 b5 26.Nxd6 Rxc3 27.Qf5 Re7 28.Rac1 Qc7 29.Rxc3 Qxc3 30.Qd3 Qb2+
31.Kf3 Qxh2 32.Bg2 g5 33.fxg5 Ne5+ 34.Kf4 Nxd3+  0-1

[Event "Chigorin mem"]
[Site "St. Petersburg"]
[Date "1998.11.01"]
[Round "2"]
[White "Galkin, Alexander"]
[Black "Milton, Sergei"]
[Result "1-0"]
[WhiteElo "2540"]
[BlackElo "2345"]

1.e4 c5 2.Nf3 e6 3.d4 cxd4 4.Nxd4 Nc6 5.Nb5 d6 6.c4 Nf6 7.N1c3 a6 8.Na3 d5
9.exd5 exd5 10.cxd5 Nb4 11.Be2 Bc5 12.Be3 Bxe3 13.Qa4+ Nd7 14.Qxb4 Bc5 15.Qe4+ Kf8
16.O-O g6 17.Nc4 Kg7 18.Qf4 Nf6 19.a4 Re8 20.Bf3 Bf5 21.Rad1 b6 22.Ne3 Bd7
23.d6 Rc8 24.Bb7 Rb8 25.Bxa6 Nh5 26.Qf3 Re5 27.Bb5 Be6 28.Ne4 Bb4 29.Rd4 Bc5
30.Nxc5 bxc5 31.Rd2 Qh4 32.Bc6 f5 33.Bd5 Qxa4 34.Bxe6 Rxe6 35.d7 Rd8 36.Nxf5+ gxf5
37.Qxh5 Rxd7 38.Rxd7+ Qxd7 39.Qxf5 Qe7 40.Qd3 Re2 41.Qc3+ Qf6 42.Qxc5 Qxb2
43.Rd1 Rd2 44.Qa7+  1-0

[Event "Chigorin mem"]
[Site "St. Petersburg"]
[Date "1998.11.02"]
[Round "3"]
[White "Yemelin, Vasily"]
[Black "Vager, Igor"]
[Result "1-0"]
[WhiteElo "2510"]
[BlackElo "2320"]

1.e4 c5 2.Nf3 e6 3.d4 cxd4 4.Nxd4 Nc6 5.Nb5 Nf6 6.N1c3 Bb4 7.a3 Bxc3+ 8.Nxc3 d5
9.exd5 Nxd5 10.Bd2 Nxc3 11.Bxc3 Qxd1+ 12.Rxd1 f6 13.f4 Bd7 14.Bd3 O-O-O 15.O-O Ne7
16.Rfe1 Nd5 17.Bd2 Rde8 18.c4 Nc7 19.Be4 Ba4 20.b3 Bc6 21.Bxc6 bxc6 22.Be3 e5
23.fxe5 Rxe5 24.Bxa7 Rhe8 25.Bf2 Ne6 26.Bg3 Rxe1+ 27.Rxe1 f5 28.a4 Kd7 29.Rd1+ Ke7
30.Bd6+ Kf6 31.b4 Ra8 32.a5 Ng5 33.Bc7 Rc8 34.Bd8+  1-0

[Event "Wch U16"]
[Site "Oropesa del Mar"]
[Date "1998.11.06"]
[Round "10"]
[White "Martinez Penalver, Jose"]
[Black "Handke, Florian"]
[Result "0-1"]
[WhiteElo "2155"]
[BlackElo "2310"]

1.e4 c5 2.Nf3 e6 3.d4 cxd4 4.Nxd4 Nc6 5.Nb5 d6 6.c4 Nf6 7.N1c3 a6 8.Na3 Be7
9.Be2 b6 10.O-O Bb7 11.Be3 O-O 12.f4 Rc8 13.Bf3 Nd7 14.Qe2 Re8 15.Rfd1 Qc7
16.Rac1 Qb8 17.Qf2 Ba8 18.Nc2 Na5 19.b3 b5 20.Kh1 bxc4 21.b4 Nc6 22.Rb1 Rc7
23.a4 Rb7 24.b5 axb5 25.axb5 Na7 26.Nb4 Nxb5 27.Nc6 Nxc3 28.Nxb8 Nxd1 29.Rxd1 Rbxb8
30.Rc1 Rec8 31.Bd4 Nc5 32.Bxc5 Rxc5 33.h3 c3 34.Rc2 Rbc8 35.Qd4 Bb7 36.Qb4 Ba6
37.Qd4 e5 38.fxe5 dxe5 39.Qe3 h6 40.Be2 Bg5 41.Qf3 Bxe2 42.Qxe2 Rd8 43.Qf3 Bd2
44.Qe2 Bf4  0-1

[Event "SLO-chT"]
[Site "Bled"]
[Date "1998.11.07"]
[Round "1"]
[White "Kovac, Boris"]
[Black "Polajzer, Danilo"]
[Result "1-0"]
[WhiteElo "2270"]
[BlackElo "2420"]

1.e4 c5 2.Nf3 e6 3.d4 cxd4 4.Nxd4 Nc6 5.Nb5 d6 6.c4 Nf6 7.N5c3 Be7 8.Be2 O-O
9.Be3 b6 10.f4 Bb7 11.Bf3 Rc8 12.O-O Rc7 13.Na3 Na5 14.Qd3 Ba6 15.Ncb5 Rxc4
16.Rfd1 Rb4 17.Bd2 Rd4 18.Qc2 Bxb5 19.Nxb5 Rc4 20.Qd3 d5 21.exd5 exd5 22.b3 Rc6
23.Nxa7 Re6 24.Rac1 Bc5+ 25.Kh1 Ne4 26.Bxe4 Rxe4 27.Bxa5 Qa8 28.Qxd5 Re1+
29.Bxe1 Qxd5  1-0

[Event "SLO-chT"]
[Site "Bled"]
[Date "1998.11.08"]
[Round "2"]
[White "Kovac, Boris"]
[Black "Gostisa, Leon"]
[Result "1-0"]
[WhiteElo "2270"]
[BlackElo "2425"]

1.e4 c5 2.Nf3 e6 3.d4 cxd4 4.Nxd4 Nc6 5.Nb5 Nf6 6.Bf4 e5 7.Bg5 d6 8.N1c3 a6
9.Na3 b5 10.Bxf6 gxf6 11.Nd5 f5 12.c3 Bg7 13.exf5 Bxf5 14.Nc2 O-O 15.Nce3 Be6
16.Bd3 f5 17.Bc2 Ra7 18.O-O f4 19.Qh5 Bf6 20.Nf5 Bxf5 21.Qxf5 Rg7 22.Nxf4 exf4
23.Qd5+ Kh8 24.Qxc6 Be5 25.Be4 Qh4 26.Bf3 Rg6 27.Rfe1 Rfg8 28.Kf1 Qxh2 29.Ke2 Qh4
30.Rh1 Qe7 31.Kf1 Qa7 32.Bd5 Rf8 33.a4 b4 34.Be4 Rg7 35.cxb4 Qd4 36.b5 f3
37.gxf3 axb5 38.axb5 Qxb2 39.Rb1 Qd2 40.Qc1 Qa5 41.Qc2 Qa7 42.b6 Qa6+ 43.Qe2 Qxe2+
44.Kxe2 d5 45.Bxd5 Bf4 46.Rh4 h6 47.Rxf4  1-0

[Event "Chigorin mem"]
[Site "St. Petersburg"]
[Date "1998.11.08"]
[Round "8"]
[White "Sulskis, Sarunas"]
[Black "Kobalija, Mihail"]
[Result "1/2-1/2"]
[WhiteElo "2555"]
[BlackElo "2505"]

1.e4 c5 2.Nf3 e6 3.d4 cxd4 4.Nxd4 Nc6 5.Nb5 d6 6.c4 Nf6 7.N1c3 a6 8.Na3 b6
9.Be2 Bb7 10.O-O Nb8 11.f3 Nbd7 12.Be3 Be7 13.Qd2 O-O 14.Rfd1 Qc7 15.Rac1 Rac8
16.Kh1 Qb8 17.Bf1 Rfe8 18.Bg1 h6 19.Nc2 Bf8 20.Re1 Be7 21.Rcd1 Ne5 22.b3 Qc7
23.Bd4 Ned7 24.Qf2 Bd8 25.Nb4 Qb8 26.Qb2 Ne5 27.Qf2 Ned7 28.Qb2 Ne5 29.Qf2 Ned7  1/2-1/2

[Event "SVK-chT2A 9899"]
[Site "SVK"]
[Date "1998.11.15"]
[Round "4"]
[White "Petrik, Tomas"]
[Black "Harasta, Vladimir"]
[Result "1/2-1/2"]
[WhiteElo "2275"]
[BlackElo "2195"]

1.e4 c5 2.Nf3 e6 3.d4 cxd4 4.Nxd4 Nc6 5.Nb5 d6 6.c4 Nf6 7.N1c3 a6 8.Na3 Be7
9.Be2 O-O 10.O-O b6 11.Nc2 Bb7 12.b3 Nb8 13.Bf3 Nbd7 14.g3 Qc7 15.Bb2 Rad8
16.Qd4 Ne8 17.Rad1 f5 18.Bg2 Ne5 19.f4 Ng4 20.Qd2 fxe4 21.Nxe4 d5 22.cxd5 Bxd5
23.Qe2 Bxe4 24.Bxe4 Nef6 25.Bf3 Qc5+ 26.Bd4 Qh5 27.Ne3 Rxd4 28.Bxg4 Qc5 29.Bxe6+ Kh8
30.Rc1 Qb4 31.Rfd1 Bc5 32.Rxd4 Qxd4 33.Rxc5 bxc5 34.Kf1 Rd8 35.Nc4 g6 36.Ne5 Qd1+
37.Qxd1 Rxd1+ 38.Ke2 Ra1 39.a4 Ra2+ 40.Ke3 Rxh2 41.Nd3 Rg2 42.Kf3 Rc2 43.Bc4 Rc3
44.Ke2 Kg7 45.Nxc5 Rxg3 46.Bxa6 Nd5 47.a5 Rg2+ 48.Kf3 Ra2 49.Na4 Nc7 50.Bc4 Kf6
51.a6 h5 52.a7 g5 53.fxg5+ Kxg5 54.Bd5 Ra3 55.Ke4 Kf6 56.a8=Q Nxa8 57.Bxa8 Rxb3
58.Nc5 Rc3 59.Nd7+ Kg5 60.Ne5 Kh4 61.Bd5 Ra3 62.Nf3+  1/2-1/2

[Event "BL2-W9899"]
[Site "Germany"]
[Date "1998.11.22"]
[Round "2.7"]
[White "Wessendorf, Thomas"]
[Black "Wolter, Kai"]
[Result "0-1"]
[WhiteElo "2275"]
[BlackElo "2280"]

1.e4 c5 2.Nf3 e6 3.d4 cxd4 4.Nxd4 Nc6 5.Nb5 d6 6.c4 Nf6 7.N1c3 a6 8.Na3 Be7
9.Be2 O-O 10.O-O b6 11.Be3 Bb7 12.f3 Qc7 13.Rc1 Ne5 14.Qb3 Ned7 15.Na4 Bd8
16.Rfd1 Nc5 17.Qc2 Rc8 18.b4 Nxa4 19.Qxa4 Qb8 20.Bf4 Bc7 21.h3 Nh5 22.Bh2 d5
23.Bxc7 Qxc7 24.Qc2 Qg3 25.Bf1 Nf4 26.Kh1 dxe4  0-1

[Event "Gudmundur Arason op 4th"]
[Site "Hafnarfjordur"]
[Date "1998.12.16"]
[Round "3"]
[White "Westerinen, Heikki MJ"]
[Black "Edvardsson, Kristjan"]
[Result "0-1"]
[WhiteElo "2435"]
[BlackElo "2220"]

1.e4 c5 2.Nf3 e6 3.d4 cxd4 4.Nxd4 Nc6 5.Nb5 d6 6.Bf4 e5 7.Be3 Nf6 8.f3 a6
9.N5c3 Be6 10.Nd5 Bxd5 11.exd5 Nb8 12.c4 Be7 13.Nc3 O-O 14.Bd3 Nbd7 15.O-O Rc8
16.Rc1 Ne8 17.Qd2 f5 18.b4 g5 19.g3 Kh8 20.Na4 f4 21.Bf2 Nef6 22.Bf5 b5 23.cxb5 Rxc1
24.Rxc1 axb5 25.Nc3 e4 26.fxe4 Ne5 27.Qe2 Qe8 28.Bd4 g4 29.Bxe5 dxe5 30.gxf4 exf4
31.e5 Nxd5 32.Bxg4 Qg6 33.Nxd5 f3 34.Qf2 Qxg4+ 35.Kh1 Bh4 36.Qb2 f2 37.e6+ Kg8  0-1

[Event "Oxford IM"]
[Site "Oxford"]
[Date "1998.12.21"]
[Round "7"]
[White "Cooper, Lawrence"]
[Black "Sheldon, Ruth"]
[Result "1/2-1/2"]
[WhiteElo "2335"]
[BlackElo "2220"]

1.e4 c5 2.Nf3 e6 3.d4 cxd4 4.Nxd4 Nc6 5.Nb5 d6 6.c4 Nf6 7.N1c3 a6 8.Na3 Be7
9.Be2 b6 10.O-O Bb7 11.Be3 Nb8 12.f3 Nbd7 13.Qd2 O-O 14.Rfd1 Qc7 15.Rac1 Rac8
16.Bf1 Rfe8 17.Bd4 Qb8 18.Qf2 Bd8 19.b3 Bc7 20.g3 Qa8 21.Nab1 d5 22.cxd5 exd5
23.exd5 Nxd5 24.Nxd5  1/2-1/2

[Event "Landesliga Nord9798"]
[Site "Bayern"]
[Date "1998.??.??"]
[Round "?"]
[White "Saathoff, Richard"]
[Black "Reinhart, Harald"]
[Result "1-0"]
[WhiteElo "2160"]
[BlackElo "2190"]

1.e4 c5 2.Nf3 Nc6 3.d4 cxd4 4.Nxd4 e6 5.Nb5 d6 6.c4 Nf6 7.N1c3 a6 8.Na3 Be7
9.Be2 O-O 10.O-O b6 11.Be3 Bb7 12.f4 Re8 13.Bf3 e5 14.Nd5 Nxd5 15.exd5 Nd4
16.Bxd4 exd4 17.Qxd4 Bf6 18.Qf2 b5 19.cxb5 axb5 20.Rfe1 Qa5 21.g3 Rxe1+ 22.Rxe1 Bd4
23.Qxd4 Qxe1+ 24.Kg2 Rc8 25.b3 Rc1 26.Qf2 Qa5 27.Qb2 Qe1 28.Qf2 Qa5 29.Qb2 Rc8
30.b4 Qa4 31.Qb3 Qxb3 32.axb3 Ba6 33.Be2 Rc3 34.Bxb5 Rxb3 35.Bxa6 Rxa3 36.b5 Kf8
37.Bb7 Ke7 38.Kh3 Kd8 39.Kg4 Kc7 40.Bc6 Kb6 41.Be8 Ra7 42.Kf5 Kc5 43.Bc6 Ra2
44.h4 Rd2 45.h5 h6 46.g4 Rh2 47.Be8 Kxd5 48.Bxf7+ Kc5 49.Kg6 Rg2 50.Be6 d5
51.Kxg7 d4 52.Kxh6 d3 53.g5 Kd6 54.Bb3 d2 55.Bc2 Rf2 56.g6 Ke7 57.g7 Rg2
58.Kh7  1-0

[Event "Regionalliga NW9798"]
[Site "Bayern"]
[Date "1998.??.??"]
[Round "?"]
[White "Eiglsperger, Martin"]
[Black "Neubert, Marcus"]
[Result "1/2-1/2"]
[WhiteElo "2005"]
[BlackElo "2045"]

1.e4 c5 2.Nf3 Nc6 3.d4 cxd4 4.Nxd4 e6 5.Nb5 Nf6 6.Bf4 e5 7.Bg5 d6 8.N1c3 a6
9.Na3 Be6 10.Nc4 Rc8 11.Ne3 Be7 12.Bxf6 Bxf6 13.Ncd5 Bg5 14.g3 O-O 15.Bg2 Ne7
16.c3 Bxd5 17.Nxd5 Nxd5 18.Qxd5 Qb6 19.Qb3 Rc6 20.O-O a5 21.Qc2 Qc5 22.Rfd1 b5
23.Rd5 Qb6 24.Qd3 Rb8 25.Bf1 b4 26.cxb4 Qxb4 27.Qb3 Qxb3 28.axb3 Rxb3 29.Raxa5 h6
30.h4 Bc1 31.Rab5  1/2-1/2

[Event "Oberliga Bayern9899"]
[Site "Bayern"]
[Date "1998.??.??"]
[Round "?"]
[White "Trescher, Manfred"]
[Black "Jauernig, Udo"]
[Result "1-0"]
[WhiteElo "2185"]
[BlackElo "2215"]

1.e4 c5 2.Nf3 e6 3.d4 cxd4 4.Nxd4 Nc6 5.Nb5 d6 6.Be2 a6 7.N5c3 Nf6 8.O-O Be7
9.Be3 O-O 10.Nd2 Qc7 11.Nb3 b5 12.a3 Ne5 13.f4 Nc4 14.Bc1 Bb7 15.Bd3 d5 16.e5 Ne4
17.Qe1 Qc6 18.Nd4 Qb6 19.Ne2 Nc5 20.Qg3 Nxd3 21.cxd3 Bc5 22.Qf2 Na5 23.b4 Bxd4
24.Nxd4 Nc6 25.Be3 Nxd4 26.Bxd4 Qc6 27.Rac1 Qd7 28.Rc5 Rfc8 29.Rfc1 Rxc5
30.Rxc5 Rc8 31.Qc2 Bc6 32.g4 Bb7 33.Kf2 Kf8 34.Rxc8+ Qxc8 35.Bc5+ Kg8 36.d4 Bc6
37.Kg3 Bd7 38.Qg2 Qa8 39.Bb6 Qc8 40.Bc5 Qa8 41.Qf3 Qc8 42.h4 h6 43.g5 hxg5
44.fxg5 Qd8 45.Qf4 a5 46.h5 axb4 47.Bxb4 Qc8 48.Bc5 Qd8 49.h6 Kh7 50.hxg7 Kxg7
51.Qf6+ Qxf6 52.gxf6+ Kg6 53.Kf4 Be8 54.Bb4 Bd7 55.Ke3 Kf5 56.Kd3 Be8 57.Kc3 Ke4
58.Bc5 Ke3 59.Bb6 Ke2 60.Kb4 Kd3 61.Kc5  1-0

[Event "JUG-ch51 (Women)"]
[Site "Belgrade"]
[Date "1998.??.??"]
[Round "11"]
[White "Nikolin, Zorica"]
[Black "Todorovic, Violeta"]
[Result "1-0"]
[WhiteElo "2245"]
[BlackElo "2115"]

1.e4 c5 2.Nf3 e6 3.d4 cxd4 4.Nxd4 Nc6 5.Nb5 d6 6.c4 Nf6 7.N1c3 a6 8.Na3 b6
9.Be2 Bb7 10.Be3 Nb8 11.f3 Nbd7 12.O-O Be7 13.Kh1 Qc7 14.Rc1 O-O 15.Qd2 Rac8
16.Rfd1 Qb8 17.Nc2 Bd8 18.Bg1 Bc7 19.Ne3 Rfd8 20.Qe1 Qa8 21.Bd3 Ne5 22.Bb1 Ng6
23.Rd2 Nf4 24.Rcd1 Bc6 25.a4 h5 26.Qh4 Ng6 27.Qf2 h4 28.h3 Nh5 29.Bh2 Qb8
30.f4 Nf6 31.f5 exf5 32.exf5 Ne5 33.Qxh4 Nf3 34.gxf3 Bxf3+ 35.Kg1 Bxd1 36.Rxd1 Re8
37.Ned5 Nxd5 38.Nxd5 Re2 39.f6 gxf6 40.Nxf6+ Kf8 41.Nd7+  1-0

[Event "Besancon op"]
[Site "Besancon"]
[Date "1998.??.??"]
[Round "?"]
[White "Philippe, Christophe"]
[Black "Kirov, Nino"]
[Result "0-1"]
[WhiteElo "2290"]
[BlackElo "2395"]

1.e4 c5 2.Nf3 e6 3.d4 cxd4 4.Nxd4 Nc6 5.Nb5 d6 6.c4 Nf6 7.N1c3 a6 8.Na3 Be7
9.Be2 O-O 10.O-O b6 11.Be3 Bb7 12.f4 Rc8 13.Bf3 Nd7 14.g4 Qc7 15.Rc1 Qb8
16.g5 Rfe8 17.Bg2 Bf8 18.Qh5 g6 19.Qh4 Na5 20.Ne2 b5 21.cxb5 axb5 22.Rxc8 Rxc8
23.Nd4 b4 24.Nac2 Nc4 25.f5 Nxe3 26.Nxe3 Qa7 27.fxg6 fxg6 28.e5 dxe5 29.Bxb7 Qxb7
30.Nxe6 Qb6 31.Qh3 Be7 32.Kh1 Qc6+ 33.Kg1 Nc5 34.Nxc5 Bxc5 35.Re1 Rf8 36.Qg4 Rf4
37.Qh3 Bxe3+  0-1

[Event "Besancon"]
[Site "Besancon"]
[Date "1998.??.??"]
[Round "6"]
[White "Sermier, Guillaume"]
[Black "Berend, Fred"]
[Result "0-1"]
[WhiteElo "2330"]
[BlackElo "2350"]

1.e4 c5 2.Nf3 e6 3.d4 cxd4 4.Nxd4 Nc6 5.Nb5 d6 6.c4 Nf6 7.N1c3 a6 8.Na3 Be7
9.Be2 b6 10.Be3 Bb7 11.O-O Ne5 12.f3 Ned7 13.Qd2 O-O 14.Rfd1 Qc7 15.Rac1 Rac8
16.Bf1 Qb8 17.Qf2 Bd8 18.Kh1 Kh8 19.Nc2 Bc7 20.Nb4 Rg8 21.b3 g5 22.h3 Rg6
23.Bd3 Rg7 24.Bd4 h5 25.Na4 a5 26.Nc2 Bc6 27.Nc3 Rcg8 28.Na3 Bd8 29.Nab5 g4
30.Rg1 e5 31.Be3 Nf8 32.Qd2 Ne6 33.Be2 Be7 34.Rcd1 Nh7 35.Nd5 Bf8 36.Nxb6 Nf4
37.Nd5 Nxd5 38.exd5 Bd7 39.Kh2 Qd8 40.Bh6 Rg6 41.Bxf8 g3+ 42.Kh1 Bxh3 43.gxh3 g2+
44.Rxg2 Rxg2 45.Nxd6 Qxf8 46.Nf5 Qc8 47.Qd3 Rxe2  0-1

[Event "Cupa Dinamo"]
[Site "Brasov"]
[Date "1998.??.??"]
[Round "11"]
[White "Ardeleanu, Alin"]
[Black "Badea, Bela"]
[Result "1/2-1/2"]
[WhiteElo "2420"]
[BlackElo "2545"]

1.e4 c5 2.Nf3 e6 3.d4 cxd4 4.Nxd4 Nc6 5.Nb5 d6 6.c4 Nf6 7.N1c3 a6 8.Na3 Be7
9.Be2 O-O 10.Be3 b6 11.Qb3 Nd7 12.O-O Bb7 13.Rfd1 Nc5 14.Qc2 Qc7  1/2-1/2

[Event "Budapest FS07 IM-A"]
[Site "Budapest"]
[Date "1998.??.??"]
[Round "7"]
[White "Farago, Sandor"]
[Black "Skytte, Rasmus"]
[Result "1/2-1/2"]
[WhiteElo "2285"]
[BlackElo "2205"]

1.e4 c5 2.Nf3 Nc6 3.d4 cxd4 4.Nxd4 e6 5.Nb5 d6 6.c4 a6 7.N5c3 Nf6 8.Be2 Be7
9.O-O O-O 10.b3 b6 11.Bb2 Bb7 12.Na3 Ne5  1/2-1/2

[Event "Budapest FS07 IM-A"]
[Site "Budapest"]
[Date "1998.??.??"]
[Round "9"]
[White "Medvegy, Zoltan"]
[Black "Skytte, Rasmus"]
[Result "1/2-1/2"]
[WhiteElo "2350"]
[BlackElo "2205"]

1.e4 c5 2.Nf3 e6 3.d4 cxd4 4.Nxd4 Nc6 5.Nb5 d6 6.Bf4 e5 7.Be3 Be6 8.c4 Nf6
9.f3 Be7 10.N1c3 a6 11.Na3 O-O 12.Nd5 Nd7 13.Qd2 f5 14.Nxe7+ Qxe7 15.O-O-O fxe4
16.Qxd6 exf3  1/2-1/2